| 000 | 01335cam a22003371 4500 | ||
|---|---|---|---|
| 001 | 4535724 | ||
| 003 | OSt | ||
| 005 | 20140310181626.0 | ||
| 008 | 850910s1967 iluabc j b 000 0beng | ||
| 010 | _a 67020102 | ||
| 040 |
_aDLC _cDLC _dDLC |
||
| 042 | _alcac | ||
| 050 | 0 | 0 |
_aE 745 _b.R514 1967 |
| 082 | 0 | 0 |
_aREF 920 _bM11 1968 |
| 100 | 1 |
_aRichards, Norman, _d1932 Mar. 14- |
|
| 245 | 1 | 0 |
_aPeople of Destiny : _bDouglas MacArthur / _cNorman Richards |
| 260 |
_aChicago, _bChildren's Press _cc1968 |
||
| 300 |
_a94 p. _billus. (part col.), col. map, ports. _c29 cm. |
||
| 490 | 1 | _aPeople of destiny: a humanities series | |
| 500 | _aIncludes Index | ||
| 504 | _aBibliography: p. 91. | ||
| 520 | _a1. MacArthur, Douglas 2. A biography of the controversial military leader remembered for his defense of the Philippines during World War II, administration of occupied Japan after the war, and leadership of United Nations troops in Korea until his recall by President Truman. | ||
| 521 | _aBasic Ed. Students | ||
| 541 | _j1 | ||
| 562 | _eFor circulation. 1 copy in the collection | ||
| 600 | 1 | 0 |
_aMacArthur, Douglas, _d1880-1964 _vJuvenile literature. |
| 600 | 1 | 1 |
_aMacArthur, Douglas, _d1880-1964. |
| 830 | 0 | _aPeople of destiny. | |
| 906 |
_a7 _bcbc _corignew _du _eocip _f19 _gy-gencatlg |
||
| 942 |
_2lcc _cBK-GR _kREF |
||
| 999 |
_c298 _d298 |
||